Actualidad de la filosofía
Uloženo v:
| Hlavní autor: | |
|---|---|
| Médium: | Kniha |
| Jazyk: | španělština |
| Vydáno: |
Barcelona
Paidós Ibérica
1991
|
| Vydání: | 1a. ed |
| Edice: | Pensamiento Contemporáneo, 18
|
| Témata: | |
| Tagy: |
Přidat tag
Žádné tagy, Buďte první, kdo vytvoří štítek k tomuto záznamu!
|
MARC
| LEADER | 00000nam a2200000 a 4500 | ||
|---|---|---|---|
| 001 | UCJ1086 | ||
| 003 | CL-VaPUC | ||
| 008 | 060929e19910000SP |||||||||||||||||spa|d | ||
| 020 | |a 847509693X | ||
| 082 | 0 | 4 | |a 193 |b ADO |2 21 |
| 100 | 0 | |a Adorno, Theodor Wiesengrund |e author |9 325578 | |
| 245 | 1 | 0 | |a Actualidad de la filosofía |
| 250 | |a 1a. ed | ||
| 300 | |a 204 p | ||
| 942 | |c BK | ||
| 945 | |d 20060929 00:00:00 |a cmena | ||
| 260 | |a Barcelona |b Paidós Ibérica |c 1991 | ||
| 650 | 0 | |a Filosofía alemana |9 265002 | |
| 650 | 0 | |a Positivismo |9 269460 | |
| 650 | 0 | |a Fenomenología |9 256519 | |
| 650 | 7 | |a PSICOSOCIOLOGIA |2 CL-VaPUC |9 337830 | |
| 583 | |a last modification |c 20060929 00:00:00 |k Rodrigo Vera | ||
| 490 | 0 | |a Pensamiento Contemporáneo, 18 | |
| 999 | |c 317799 |d 317797 | ||
| 952 | |0 0 |1 0 |4 0 |6 193_000000000000000_ADO_1991 |7 0 |8 A |9 394737 |a BIBEDU |b BIBEDU |d 2019-11-22 |i 4236513 |o 193 ADO 1991 |p 4236513 |r 2019-11-22 |w 2019-11-22 |y BK |k FIL | ||